[Event "York ChessMates 12th"]
[Site "York"]
[Date "2025.03.22"]
[Round "4.32"]
[White "Pitel, Benedikt"]
[Black "Gudmundsson, Gunnar Erik"]
[Result "1/2-1/2"]
[WhiteElo "1827"]
[BlackElo "2044"]
[PlyCount "77"]
[EventDate "2025.03.21"]
[EventType "team-swiss"]
[EventRounds "5"]
[EventCountry "ENG"]
[SourceTitle "CB13_2025"]
[SourceDate "2025.03.26"]
[SourceVersion "1"]
[SourceVersionDate "2025.03.26"]
[SourceQuality "1"]
[WhiteTeam "Yorkshire"]
[BlackTeam "Iceland"]
[WhiteTeamCountry "ENG"]
[BlackTeamCountry "ISL"]

1. e4 e6 2. d4 d5 3. e5 c5 4. c3 Nc6 5. Nf3 Qb6 6. Be2 cxd4 7. cxd4 Nh6 8. Nc3 Nf5 9. Na4 Qa5+ 10. Nc3 Qb6 11. Na4 Bb4+ 12. Kf1 Qc7 13. a3 Be7 14. b4 a6 15. Qd3 Bd7 16. Nc5 Bxc5 17. bxc5 Na5 18. Qc3 b6 19. Bd2 Nc6 20. Rb1 bxc5 21. Qxc5 Qa7 22. Qxa7 Rxa7 23. g4 Nfe7 24. Kg2 0-0 25. Rb6 a5 26. Rhb1 f6 27. Rb7 Rfa8 28. R1b6 Bc8 29. Rxa7 Rxa7 30. Bf4 Kf7 31. Kf1 Rb7 32. Rxb7 Bxb7 33. Bb5 Ng6 34. Bg3 Na7 35. Ba4 Ba6+ 36. Ke1 Nb5 37. Bxb5 Bxb5 38. Kd2 Ne7 39. h4 1/2-1/2

[Event "BCF-ch U12 blitz"]
[Site "Hull"]
[Date "2024.07.25"]
[Round "3"]
[White "Catabay, Rezin C"]
[Black "Pitel, Benedikt"]
[Result "0-1"]
[WhiteElo "1636"]
[BlackElo "1624"]
[PlyCount "72"]
[EventDate "2024.07.25"]
[EventType "swiss (blitz)"]
[EventRounds "9"]
[EventCountry "ENG"]
[SourceTitle "CBM 221 Extra"]
[Source "ChessBase"]
[SourceDate "2024.09.30"]
[SourceVersion "1"]
[SourceVersionDate "2024.09.30"]
[SourceQuality "1"]

1. d4 d5 2. c4 c6 3. g3 Nf6 4. Bg2 Bf5 5. Nc3 e6 6. Nf3 Bd6 7. c5 Bc7 8. 0-0 0-0 9. e3 Nbd7 10. b4 e5 11. dxe5 Nxe5 12. Nxe5 Bxe5 13. Bb2 Qe7 14. Rc1 b6 15. Qd2 Rfd8 16. f4 Bc7 17. Qd4 Re8 18. Rfe1 Rab8 19. Ba1 Qf8 20. Nd1 Ne4 21. Nf2 Nxf2 22. Kxf2 Re7 23. Bc3 Rbe8 24. Qd2 Be4 25. Bd4 Bxg2 26. Kxg2 f6 27. cxb6 axb6 28. Rxc6 Qf7 29. Bxb6 Bxb6 30. Rxb6 Re4 31. a4 d4 32. a5 dxe3 33. Qe2 Qc7 34. b5 Rd4 35. Rc6 Qb7 36. Qa2+ Kh8 0-1

[Event "BCF-ch U12 blitz"]
[Site "Hull"]
[Date "2024.07.25"]
[Round "4"]
[White "Fang, Brandon Jun Qiao"]
[Black "Pitel, Benedikt"]
[Result "1-0"]
[WhiteElo "1853"]
[BlackElo "1624"]
[PlyCount "77"]
[EventDate "2024.07.25"]
[EventType "swiss (blitz)"]
[EventRounds "9"]
[EventCountry "ENG"]
[SourceTitle "CBM 221 Extra"]
[Source "ChessBase"]
[SourceDate "2024.09.30"]
[SourceVersion "1"]
[SourceVersionDate "2024.09.30"]
[SourceQuality "1"]

1. e4 c6 2. d4 d5 3. e5 c5 4. dxc5 Nc6 5. Nf3 Bg4 6. Bb5 e6 7. a3 Bxc5 8. b4 Bb6 9. 0-0 Nge7 10. h3 Bxf3 11. Qxf3 0-0 12. Bb2 Bc7 13. Re1 a6 14. Bd3 Ng6 15. Bxg6 hxg6 16. Nd2 Rc8 17. Rad1 Qe7 18. c4 Rfd8 19. cxd5 Rxd5 20. Nc4 Rcd8 21. Rxd5 Rxd5 22. Qe4 Qg5 23. Ne3 Rd2 24. Bc3 Rd8 25. Nc4 b5 26. Qxc6 Qe7 27. Ne3 a5 28. Qxb5 axb4 29. Bxb4 Qg5 30. Qc4 Qxe5 31. Ng4 Qf5 32. Qxc7 Ra8 33. Qe5 Qc2 34. Bc3 f6 35. Qxe6+ Kh7 36. Bb4 Qd3 37. Qf7 Qc2 38. Nxf6+ Kh8 39. Bf8 1-0

[Event "BCF-ch U12 blitz"]
[Site "Hull"]
[Date "2024.07.25"]
[Round "8"]
[White "Pitel, Benedikt"]
[Black "Helsby, Matthew"]
[Result "0-1"]
[WhiteElo "1624"]
[BlackElo "1496"]
[PlyCount "64"]
[EventDate "2024.07.25"]
[EventType "swiss (blitz)"]
[EventRounds "9"]
[EventCountry "ENG"]
[SourceTitle "CBM 221 Extra"]
[Source "ChessBase"]
[SourceDate "2024.09.30"]
[SourceVersion "1"]
[SourceVersionDate "2024.09.30"]
[SourceQuality "1"]

1. e4 c6 2. d4 d5 3. e5 c5 4. dxc5 e6 5. Be3 Nc6 6. Nf3 Nge7 7. c3 Nf5 8. Bd4 a5 9. Bd3 Nfe7 10. 0-0 Ng6 11. Re1 Be7 12. Nbd2 Nf4 13. Bc2 0-0 14. Be3 Ng6 15. Bd4 Nf4 16. a3 h6 17. b4 axb4 18. axb4 Bd7 19. Rxa8 Qxa8 20. Qa1 Qxa1 21. Rxa1 g5 22. g3 Ne2+ 23. Kf1 Nexd4 24. cxd4 g4 25. Ne1 Nxd4 26. Bd3 Kg7 27. Ra7 Bc6 28. Nc2 Nxc2 29. Bxc2 f6 30. exf6+ Rxf6 31. Bd3 e5 32. b5 Bxc5 0-1

[Event "BCF-ch U12 blitz"]
[Site "Hull"]
[Date "2024.07.25"]
[Round "6"]
[White "Pitel, Benedikt"]
[Black "Rughani, Mahin"]
[Result "1-0"]
[WhiteElo "1624"]
[BlackElo "1684"]
[PlyCount "87"]
[EventDate "2024.07.25"]
[EventType "swiss (blitz)"]
[EventRounds "9"]
[EventCountry "ENG"]
[SourceTitle "CBM 221 Extra"]
[Source "ChessBase"]
[SourceDate "2024.09.30"]
[SourceVersion "1"]
[SourceVersionDate "2024.09.30"]
[SourceQuality "1"]

1. e4 c6 2. d4 d5 3. e5 Bf5 4. Nf3 e6 5. Bd3 Bxd3 6. Qxd3 Qa5+ 7. Bd2 Qa6 8. Qxa6 Nxa6 9. c3 c5 10. 0-0 Rc8 11. Be3 Ne7 12. Nbd2 h5 13. Rfd1 Nf5 14. Bf4 Be7 15. Rac1 Kd7 16. Nb3 b5 17. dxc5 Nxc5 18. Nxc5+ Rxc5 19. Nd4 Nxd4 20. cxd4 Rc4 21. b3 Rxc1 22. Rxc1 Ba3 23. Rc2 Rc8 24. Rxc8 Kxc8 25. Kf1 Kb7 26. Ke2 Kb6 27. Kd3 Bb2 28. Be3 Ka5 29. Bd2+ b4 30. Be3 Kb5 31. Kc2 Ba1 32. Kb1 Bc3 33. Kc2 a5 34. a4+ Kc6 35. Kd3 f6 36. exf6 gxf6 37. f3 e5 38. dxe5 fxe5 39. g4 hxg4 40. fxg4 e4+ 41. Ke2 d4 42. Bd2 e3 43. Bc1 Kd5 44. Kd3 1-0

[Event "ENG-ch U08"]
[Site "Milton Keynes"]
[Date "2021.10.02"]
[Round "3"]
[White "Kumar, Sachin"]
[Black "Pitel, Benedikt"]
[Result "1-0"]
[WhiteElo "1106"]
[BlackElo "963"]
[PlyCount "130"]
[EventDate "2021.10.02"]
[EventType "swiss"]
[EventRounds "7"]
[EventCountry "ENG"]
[SourceTitle "EXT 2023"]
[Source "ChessBase"]
[SourceDate "2022.10.05"]
[SourceVersion "1"]
[SourceVersionDate "2022.10.05"]
[SourceQuality "1"]

1. e4 c6 2. Nc3 d5 3. exd5 cxd5 4. d4 Nf6 5. Nf3 Bf5 6. Bd3 Bg6 7. 0-0 e6 8. Re1 Bd6 9. Be3 0-0 10. Bxg6 fxg6 11. Bg5 h6 12. Bh4 Be7 13. Ne5 Nbd7 14. Nxg6 Rf7 15. Qd3 Nf8 16. Nxe7+ Qxe7 17. Nxd5 Qd6 18. Nxf6+ gxf6 19. Qg3+ Qxg3 20. Bxg3 Rd8 21. c3 b5 22. b4 Rc8 23. Rac1 Re7 24. Bd6 Ree8 25. Bxf8 Kxf8 26. g3 e5 27. dxe5 fxe5 28. Kg2 Kf7 29. Kf3 Kf6 30. Kg4 Rg8+ 31. Kh3 Kf5 32. Re3 e4 33. Rce1 Rc4 34. f3 exf3 35. Rxf3+ Kg6 36. Re6+ Kg5 37. Re5+ Kg6 38. Rxb5 Rgc8 39. Ra5 Rxc3 40. Rxc3 Rxc3 41. Rxa7 Rc2 42. b5 Rb2 43. a4 Kf6 44. a5 Rxb5 45. a6 Ra5 46. Rh7 Kg6 47. Ra7 h5 48. g4 hxg4+ 49. Kxg4 Ra4+ 50. Kf3 Ra3+ 51. Ke4 Ra5 52. Kd4 Ra1 53. Kc5 Rc1+ 54. Kb6 Rb1+ 55. Kc7 Rc1+ 56. Kb8 Ra1 57. h3 Ra2 58. h4 Ra5 59. h5+ Kh6 60. Kb7 Ra1 61. Kb8 Ra2 62. Ra8 Kxh5 63. Ka7 Kg4 64. Kb6 Kf4 65. Kc5 Ke4 1-0